| 000 | 02039 a2200253 4500 | ||
|---|---|---|---|
| 001 | 2162214035926813 | ||
| 003 | UA-OsUOA | ||
| 005 | 20260511133424.0 | ||
| 008 | 260511b un ||||| |||| 00| 0 ukr d | ||
| 020 | _a9789666213948 | ||
| 040 |
_aUA-OsUOA _bukr _cUA-OsUOA _dUA-OsUOA |
||
| 041 | _aukr | ||
| 080 | _a130.122:159.922 | ||
| 090 |
_a130.122:159.922 _bС53 |
||
| 100 |
_aСніжко В. _925209 |
||
| 245 |
_aСвідомості Брама _bприродничо-українознавча монографія |
||
| 260 |
_aКиїв _bПланета-Медіа _c2008 |
||
| 300 | _a352 с. | ||
| 520 | _aЦе одна з двох книг ("Свідомості Брама" та "Навчання в красі"), які складають разом спільну тему, присвячену духовності як одній з найхарактерніших ознак, що є приналежною винятково людині. Тема є загалом осмисленим продовженням попередніх робіт з психоетнічної екології. Саме духовність, як визначальна ознака феномену людини, посприяла виникненню оригінальної дії людства - творчості. Спочатку це була творчість як пристосування до природного довкілля, згодом вона перетворилася у протиставлення людини природному довкіллю, нині - це со-творення - спільна продумана діяльність Людства із Природою, сповнена гуманістичної духовності. | ||
| 650 |
_a13 Філософія розуму і духу. Метафізика духовного життя _918599 |
||
| 942 |
_cBK _2udc |
||
| 955 | _a1 | ||
| 999 |
_c580690 _d580690 |
||